ORI introduction to the responsible conduct of research / (Record no. 7131)

MARC details
000 -LEADER
fixed length control field 01062cam a22002774a 4500
001 - CONTROL NUMBER
control field 15042207
003 - CONTROL NUMBER IDENTIFIER
control field OSt
005 - DATE AND TIME OF LATEST TRANSACTION
control field 20210906094638.0
008 - FIXED-LENGTH DATA ELEMENTS--GENERAL INFORMATION
fixed length control field 071012s2007 dcua b f000 0 eng
010 ## - LIBRARY OF CONGRESS CONTROL NUMBER
LC control number 2007473165
020 ## - INTERNATIONAL STANDARD BOOK NUMBER
International Standard Book Number 9780160722851
040 ## - CATALOGING SOURCE
Original cataloging agency DLC
Transcribing agency DDC
Modifying agency DLC
042 ## - AUTHENTICATION CODE
Authentication code pcc
050 00 - LIBRARY OF CONGRESS CALL NUMBER
Classification number R852
Item number .S74 2007
082 00 - DEWEY DECIMAL CLASSIFICATION NUMBER
Classification number 001.42STE2007
100 1# - MAIN ENTRY--PERSONAL NAME
Personal name Steneck, Nicholas H.
Fuller form of name (Nicholas Hans),
Dates associated with a name 1940-
9 (RLIN) 14685
245 10 - TITLE STATEMENT
Title ORI introduction to the responsible conduct of research /
Statement of responsibility, etc. Edited by Steneck,Nicholas H. ; illustrations by David Zinn.
250 ## - EDITION STATEMENT
Edition statement Updated ed.
260 ## - PUBLICATION, DISTRIBUTION, ETC. (IMPRINT)
Place of publication, distribution, etc. [Washington, D.C.] :
Name of publisher, distributor, etc. Dept. of Health and Human Services, Office of the Secretary, Office of Public Health and Science, Office of Research Integrity,
Date of publication, distribution, etc. [2007]
300 ## - PHYSICAL DESCRIPTION
Extent xiii, 164 p. :
Other physical details ill. ;
Dimensions 23 cm.
504 ## - BIBLIOGRAPHY, ETC. NOTE
Bibliography, etc Includes; bibliographical references.
650 #0 - SUBJECT ADDED ENTRY--TOPICAL TERM
Topical term or geographic name as entry element Research methods
9 (RLIN) 2296
906 ## - LOCAL DATA ELEMENT F, LDF (RLIN)
a 7
b cbc
c origcop
d 2
e ncip
f 20
g y-gencatlg
942 ## - ADDED ENTRY ELEMENTS (KOHA)
Source of classification or shelving scheme Dewey Decimal Classification
Koha item type Open Shelf
Holdings
Withdrawn status Lost status Source of classification or shelving scheme Damaged status Not for loan Home library Current library Date acquired Source of acquisition Inventory number Total Checkouts Full call number Barcode Date last seen Price effective from Koha item type
    Dewey Decimal Classification     MUST Main Library MUST Main Library 06/09/2021 Purchase 20/41213   001.42STE2007 2021-0851 06/09/2021 06/09/2021 Open Shelf
    Dewey Decimal Classification     MUST Main Library MUST Main Library 06/09/2021 Purchase 20/41213   001.42STE2007 2021-0852 06/09/2021 06/09/2021 Open Shelf
    Dewey Decimal Classification     MUST Main Library MUST Main Library 06/09/2021 Purchase 20/41213   001.42STE2007 2021-0853 06/09/2021 06/09/2021 Open Shelf